000 00787nam a2200241 a 4500
008 951121s1989||||[C 0 slo c
020 _a8008000139
_c48 Kčs.
_q(1500 výtl.)
040 _aSNK
_bslo
_cSNK
_eAACR2
041 1 _aslo
_hslo
044 _axo
_cSK
080 _a372.874(075.8)
100 1 _aBanaš, Ján
_4aut
245 1 0 _aDidaktika výtvarnej výchovy
_cJán Banaš ; Štefan Geró, Anton Jusko, Elena Šefránková, Štefan Pavelka
250 _a1., vyd.
260 _aBratislava
_bSPN
_c1989
_eMartin
_fTlačiarne SNP
300 _a352 s., 36,96 AH
_bTb.
_c24 cm
500 _aIlustr. na front. a predsádkach.
700 1 _aGeró, Štefan
_4aut
700 1 _aJusko, Anton
_4aut
700 1 _aŠefránková, Elena
_4aut
700 1 _aPavelka, Štefan
_4bkd
958 _aA
999 _c14937
_d14937